| 000 | 00640nam a2200193Ia 4500 | ||
|---|---|---|---|
| 003 | GCL | ||
| 008 | 140319s9999 xx 000 0 ara d | ||
| 040 |
_aGCL / _cGCL |
||
| 082 | 0 | 4 |
_a810.8001 _bع ا |
| 100 | 1 | _aعفيف عبدالرحمن | |
| 245 | 1 | 0 |
_aالادب الجاهلى فى اثار الدارسين قديما وحديثا / _cعفيف عبدالرحمن |
| 260 |
_a[S.N] : _bدار الفكر للدراسات والنشر والتوزيع ، _c1987 |
||
| 300 | _a333 ص | ||
| 490 | _a | ||
| 650 | 0 | 4 | _aالادب العربى |
| 650 | 0 | 4 | _aالعصر الجاهلى |
| 650 | 0 | 4 | _aتاريخ ونقد |
| 942 |
_2ddc _cBK |
||
| 999 |
_c54009 _d54009 |
||